Comparative study on financial performance of marine food companies / (Record no. 231580)
[ view plain ]
| 000 -LEADER | |
|---|---|
| fixed length control field | 00629nam a22001817a 4500 |
| 003 - CONTROL NUMBER IDENTIFIER | |
| control field | OSt |
| 005 - DATE AND TIME OF LATEST TRANSACTION | |
| control field | 20240826091654.0 |
| 008 - FIXED-LENGTH DATA ELEMENTS--GENERAL INFORMATION | |
| fixed length control field | 240826b ||||| |||| 00| 0 eng d |
| 040 ## - CATALOGING SOURCE | |
| Transcribing agency | AIMIT LIBRARY |
| 100 ## - MAIN ENTRY--PERSONAL NAME | |
| Personal name | Akhila |
| Relator term | 2216008 |
| 9 (RLIN) | 177883 |
| 245 ## - TITLE STATEMENT | |
| Title | Comparative study on financial performance of marine food companies / |
| Statement of responsibility, etc. | By Akhila ; Guided by Poulami Saha. |
| 260 ## - PUBLICATION, DISTRIBUTION, ETC. | |
| Place of publication, distribution, etc. | Udupi ; |
| Date of publication, distribution, etc. | 2024. |
| 650 ## - SUBJECT ADDED ENTRY--TOPICAL TERM | |
| Topical term or geographic name entry element | Literature review |
| 9 (RLIN) | 177884 |
| 650 ## - SUBJECT ADDED ENTRY--TOPICAL TERM | |
| Topical term or geographic name entry element | Trend analysis through balance sheet |
| 9 (RLIN) | 177885 |
| 700 ## - ADDED ENTRY--PERSONAL NAME | |
| Personal name | Saha, Poulami. |
| Relator term | Guide |
| 9 (RLIN) | 177886 |
| 856 ## - ELECTRONIC LOCATION AND ACCESS | |
| Uniform Resource Identifier | <a href="Janatha fish meal and oil products">Janatha fish meal and oil products</a> |
| Link text | www.janathafishmeal.com |
| 942 ## - ADDED ENTRY ELEMENTS (KOHA) | |
| Source of classification or shelving scheme | Dewey Decimal Classification |
| Koha item type | Project Report |
| Withdrawn status | Lost status | Source of classification or shelving scheme | Damaged status | Not for loan | Collection code | Home library | Current library | Shelving location | Date acquired | Total Checkouts | Barcode | Date last seen | Copy number | Price effective from | Koha item type |
|---|---|---|---|---|---|---|---|---|---|---|---|---|---|---|---|
| Dewey Decimal Classification | Not for loan | Project Report MBA | St Aloysius Institute of Management & Information Technology | St Aloysius Institute of Management & Information Technology | Dissertations | 08/26/2024 | PRB02223 | 08/26/2024 | 2216008 | 08/26/2024 | Project Report |